| 000 | 00411nam a2200157Ia 4500 | ||
|---|---|---|---|
| 008 | 220216s9999 xx 000 0 und d | ||
| 100 | _aAnanth K.C. | ||
| 245 | 2 | _aA note on the use of translocated and contact herbicides | |
| 260 |
_bRubber Board Bulletin _c1965-66 |
||
| 300 | _a211-217 | ||
| 650 | _aHerbicide | ||
| 650 | _aWeed control | ||
| 700 | _aJacob K.T. | ||
| 700 | _aSethuraj M.R. | ||
| 942 | _cBS | ||
| 999 |
_c48660 _d48660 |
||